| 000 | 00691nam a2200205 a 4500 | ||
|---|---|---|---|
| 001 | 000015360 | ||
| 005 | 20240409073638.0 | ||
| 008 | 100205s2003 dr ac 001 0 spa d | ||
| 020 | _a9993403903 | ||
| 040 |
_aDO-SdBNP _bspa _cBNPHU |
||
| 082 |
_a923.2 _bB574f |
||
| 100 | 1 |
_aBáez Pérez, Rafael Cucullo _934714 |
|
| 245 | 1 | 3 |
_aLa fuerza de mis vivencias / _cRafael Cucucllo Báez Pérez ; prólogo Roberto Cassá. |
| 260 |
_aSanto Domingo : _bManatí, _c2003. |
||
| 300 |
_a294 p. : _bil., retrs. ; _c24 cm. |
||
| 600 | 1 | 0 |
_aBáez Pérez, Rafael Cucullo _e1958- _934714 |
| 700 | 1 |
_aCassá, Roberto, _d1948- _epról. _910888 |
|
| 910 | _aValidado. Control de calidad BNPHU. | ||
| 049 | _aBNPD | ||
| 999 |
_c14925 _d14925 |
||